000 00404nam a2200157 i 4500
001 bg
100 1 _aFASOLD, Wolfgang.
245 0 _aBauphysikalische Entwurfslehre.
_nBd. 4,
_pBauakustik /
_cWolfgang Fasold, Ernst Sonntag.
260 _aBerlin,
_c1971.
700 1 _aSONNTAG, Ernst.
040 _cBPK
041 _apol
080 _a699.8
942 _cKS
008 s pl f |000 0 pol
999 _c27085
_d27085
856 _uhttp://koha.tu.koszalin.pl/cgi-bin/koha/opac-detail.pl?biblionumber=27085
_yKatalog online BPK